• 首页
  • 本馆介绍
  • 公告通知
  • 最新文献
  • 馆藏检索
  • 电子资源
  • 读者导购
  • 参考咨询
  • 我的图书馆
  • 登录
  • 详细信息显示
  • 放入我的书架
  • 预约/预借图书
  • 作者相关作品
  • 分类相关作品
  • 丛书相关作品
  • 出版社相关作品

书目信息

  • 表格格式
  • 工作单格式
  • 卡片格式
题名:
香港的营业环境
    
 
作者: 莱思布里奇 编著 ;杨立义 , 钱松英 译
分册:  
出版信息: 上海   上海翻译出版公司  1984.12
页数: 266页
开本: 20cm
丛书名: 香港问题丛书
单 册:
中图分类: F24
科图分类:
主题词: 劳动经济
电子资源:
ISBN:
000 00753nam0 2200253 45
001 0404281466
005 20040428145135.0
010    @dCNY2.45
091    @a4311.7
100    @a20040428d1984 km y0chiy0120 ea
101 0  @achi
105    @a z 000yy
200 1  @a香港的营业环境@AXiang Gang De Ying Ye Huan Jing@f(英)戴维·莱思布里奇编著@F(Ying)Dai Wei·Lai Si Bu Li Qi Bian Zhu@g杨立义,钱松英译
210    @a上海@c上海翻译出版公司@d1984.12
215    @a266页@d20cm
225    @a香港问题丛书
410    @12001 @a香港问题丛书
606 0  @a劳动经济
690    @aF24@v3
701  0 @a莱思布里奇@4编著
702  0 @a杨立义@AYang Li Yi@4译
702  0 @a钱松英@AQian Song Ying@4译
801    @aCN@bPftUser@c20040428
905    @f1@b172265@dF24@e18
    
    香港的营业环境/(英)戴维·莱思布里奇编著/杨立义,钱松英译.-上海:上海翻译出版公司,1984.12
    266页;20cm.-(香港问题丛书)
    
    
    ISBN :CNY2.45
    
●
相关链接 在E读中查询图书 在五车中查询图书 在当当中查询图书 在豆瓣中查询图书


正题名:香港的营业环境     索取号:F24/18         预约/预借

序号 登录号 条形码 馆藏地/架位号 状态 备注
1 0172264   000209740   第一借阅区/ [索取号:F24/18] 在馆    
2 0172265   000209660   第一借阅区/ [索取号:F24/18] 在馆    
3 0172266   000209704   第一样本阅览室/ [索取号:F24/18] 在馆    
唐山师范学院图书馆 欢迎您!
大连网信软件有限公司© 版权所有